[Event "SVK-chT2D 1314"]
[Site "Slovakia"]
[Date "2014.01.12"]
[Round "6.3"]
[White "Sedlakova, Ivana"]
[Black "Kravec, Patrik"]
[Result "0-1"]
[WhiteElo "2064"]
[BlackElo "1964"]
[PlyCount "76"]
[EventDate "2013.10.19"]
[EventType "team-tourn"]
[EventRounds "11"]
[EventCountry "SVK"]
[SourceTitle "EXT 2015"]
[Source "ChessBase"]
[SourceDate "2014.11.20"]
[SourceVersion "1"]
[SourceVersionDate "2014.11.20"]
[SourceQuality "1"]
[WhiteTeam "Presov Slavia PU"]
[BlackTeam "Sabinov II"]
[WhiteTeamCountry "SVK"]
[BlackTeamCountry "SVK"]

1. d4 Nf6 2. c4 g6 3. Nc3 Bg7 4. e4 d6 5. f3 0-0 6. Be3 e5 7. d5 c6 8. Qd2 cxd5 9. cxd5 a6 10. Bd3 Nbd7 11. Nge2 b5 12. 0-0 Nh5 13. g4 Nf4 14. Nxf4 exf4 15. Bxf4 Ne5 16. Be2 Re8 17. b3 Qa5 18. Rac1 Bd7 19. Nb1 Qxd2 20. Nxd2 Rac8 21. Be3 f5 22. gxf5 gxf5 23. Kh1 Ng6 24. Bd3 f4 25. Bb6 Bc3 26. Nb1 Bb2 27. Rc7 Rxc7 28. Bxc7 Be5 29. Ba5 Rc8 30. Bd2 Nh4 31. a4 Bh3 32. Rg1+ Kh8 33. Be2 Rc2 34. axb5 axb5 35. Bf1 Nxf3 36. Bxh3 Nxg1 37. Kxg1 Rb2 38. b4 Rxb1+ 0-1

[Event "SVK-chT2D 1314"]
[Site "Slovakia"]
[Date "2013.11.23"]
[Round "3.3"]
[White "Majlath, Zdenko"]
[Black "Sedlakova, Ivana"]
[Result "0-1"]
[WhiteElo "1994"]
[BlackElo "2064"]
[PlyCount "58"]
[EventDate "2013.10.19"]
[EventType "team-tourn"]
[EventRounds "11"]
[EventCountry "SVK"]
[SourceTitle "EXT 2015"]
[Source "ChessBase"]
[SourceDate "2014.11.20"]
[SourceVersion "1"]
[SourceVersionDate "2014.11.20"]
[SourceQuality "1"]
[WhiteTeam "Gelnica Slovan"]
[BlackTeam "Presov Slavia PU"]
[WhiteTeamCountry "SVK"]
[BlackTeamCountry "SVK"]

1. e4 c6 2. d4 d5 3. exd5 cxd5 4. Bd3 Nc6 5. c3 Nf6 6. Bf4 Bg4 7. Qb3 Qd7 8. Nd2 a6 9. Ngf3 e6 10. 0-0 Nh5 11. Bg3 Nxg3 12. fxg3 Be7 13. Rae1 Bh5 14. Ne5 Nxe5 15. Rxe5 Bg6 16. Bxg6 hxg6 17. Nf3 0-0-0 18. Rfe1 Kb8 19. a4 Rh6 20. Qd1 Rdh8 21. b4 Qc7 22. Qd3 Bf6 23. R5e2 g5 24. b5 axb5 25. axb5 g4 26. Ne5 Bxe5 27. Rxe5 Rxh2 28. R5e3 Qe7 29. Qe2 Qf6 0-1